Central Library OPAC University of Rajshahi

গগনেন্দ্রনাথ ঠাকুর / (Record no. 76693)

MARC details
000 -LEADER
fixed length control field 01218nam a2200277 a 4500
001 - CONTROL NUMBER
control field 76693
003 - CONTROL NUMBER IDENTIFIER
rucl marc code BD-RjUL
005 - DATE AND TIME OF LATEST TRANSACTION
control field 20211209082856.0
008 - FIXED-LENGTH DATA ELEMENTS--GENERAL INFORMATION
fixed length control field 200102s1972 ii a|||| |||| 00| 0dben d
020 ## - INTERNATIONAL STANDARD BOOK NUMBER
Terms of availability : IRs. 2.00
035 ## - SYSTEM CONTROL NUMBER
System control number (BD-RjUL)76917
040 ## - CATALOGING SOURCE
Original cataloging agency BD-RjUL
Language of cataloging ben/eng
Transcribing agency BD-RjUL
041 ## - LANGUAGE CODE
Language code of text/sound track or separate title ben
082 ## - DEWEY DECIMAL CLASSIFICATION NUMBER
Edition number 23
Classification number 759.954092
Author mark and year BAG 1972
100 1# - MAIN ENTRY--PERSONAL NAME
Personal name বন্দ্যোপাধ্যায়, সুভাষণ
9 (RLIN) 237395
245 10 - TITLE STATEMENT
Title গগনেন্দ্রনাথ ঠাকুর /
Statement of responsibility, etc. সুভাষণ বন্দ্যোপাধ্যায় প্রণীত
260 ## - PUBLICATION, DISTRIBUTION, ETC. (IMPRINT)
Place of publication, distribution, etc. কলিকাতা:
Name of publisher, distributor, etc. বাগর্থ,
Date of publication, distribution, etc. ১৯৭২
300 ## - PHYSICAL DESCRIPTION
Pagination ৫৭, [১] পৃ. :
Illustrations চিত্র ;
Size ২২ সেমি.
490 ## - SERIES STATEMENT
Series statement জীবনী ও গ্রন্থপঞ্জী ;
Volume/sequential designation
600 ## - SUBJECT ADDED ENTRY--PERSONAL NAME
Personal name ঠাকুর, গগনেন্দ্রনাথ
General subdivision জীবনী
Personal name Tagore, Gaganendranath
General subdivision Biography
650 ## - SUBJECT ADDED ENTRY--TOPICAL TERM
Topical term or geographic name as entry element চিত্রশিল্প
Geographic subdivision ভারত
General subdivision জীবনী
9 (RLIN) 237398
Topical term or geographic name as entry element Painting
Geographic subdivision India
General subdivision Biography
9 (RLIN) 237399
830 ## - SERIES ADDED ENTRY--UNIFORM TITLE
Uniform title জীবনী ও গ্রন্থপঞ্জী ;
Volume number/sequential designation
942 ## - ADDED ENTRY ELEMENTS (KOHA)
Source of classification or shelving scheme Dewey Decimal Classification
Koha item type Books
Holdings
Lost status Source of classification or shelving scheme Damaged status Not for loan Collection code Permanent Location Current Location Shelving location Date acquired Source of acquisition Cost, normal purchase price Total Checkouts Full call number Date last seen Copy number Koha item type
  Dewey Decimal Classification   Not For Loan Rare Books Central Library, University of Rajshahi Central Library, University of Rajshahi Rare Book Section 31/08/1973 Indian Govt. 2.00   BRA 759.954092 BAG 1972 02/01/2020 C-1 Books
  Dewey Decimal Classification     Non-fiction Central Library, University of Rajshahi Central Library, University of Rajshahi   04/11/1974 Jonathan and wren Co. , London 2.00   B 759.954092 BAG 1972 02/01/2020 C-2 Books